[Event "6th ch-Iberoamericano"]
[Site "Bilbao ESP"]
[Date "2015.11.01"]
[Round "7.8"]
[White "Matnadze, Ana"]
[Black "Perez Mitjans, Orelvis"]
[Result "1/2-1/2"]
[WhiteTitle "IM"]
[BlackTitle "GM"]
[WhiteElo "2353"]
[BlackElo "2457"]
[WhiteFideId "13601377"]
[BlackFideId "3502856"]
[EventDate "2015.10.26"]

1. d4 Nf6 2. Nf3 c5 3. c4 g6 4. g3 Bg7 5. Bg2 cxd4 6. Nxd4 O-O 7. O-O Nc6 8. Nc3
d6 9. e3 Qa5 10. Qe2 Bg4 11. f3 Bd7 12. Nb3 Qb4 13. Rd1 Ne5 14. Rd4 Nc6 15. Rd1
Rfc8 16. Bd2 Be6 17. Nd5 Qa4 18. Bc3 Nd7 19. Bxg7 Kxg7 20. f4 Nb6 21. Nxb6 axb6
22. Rdc1 Nd8 23. Nd2 Qb4 24. b3 b5 25. Bf1 d5 26. cxd5 Bxd5 27. Rxc8 Rxc8 28.
Qd3 e6 29. a3 Qc3 30. Qxc3+ Rxc3 31. Kf2 Bc6 32. a4 b4 33. Bc4 Bd5 34. a5 Bxc4
35. Nxc4 Rxb3 36. a6 bxa6 37. Rxa6 Rc3 38. Ne5 b3 39. Rb6 f6 40. Nf3 Rc2+ 41.
Ke1 b2 42. Nd2 Nf7 43. Kd1 Rc1+ 44. Ke2 Rh1 45. h4 Rh2+ 46. Kd3 Rg2 47. Rxb2 f5
48. Rb7 Rxg3 49. Nc4 Kf6 50. Nb6 e5 51. Nd7+ Ke6 52. Nf8+ Kd5 53. Rxf7 exf4 54.
Nxh7 fxe3 55. h5 Ke5 56. hxg6 Rxg6 57. Kxe3 Rg3+ 58. Kf2 f4 59. Ra7 Rb3 60. Ra5+
Ke6 61. Ng5+ Kf6 62. Ne4+ Ke7 63. Re5+ Kf7 64. Rf5+ Ke6 65. Rxf4 Ke5 66. Rh4
Rb2+ 67. Ke3 Rb3+ 68. Kd2 Rb4 69. Kd3 Rb3+ 70. Nc3 Rb2 71. Rh5+ Kf4 72. Ne2+ Kg4
73. Rh8 Kf5 74. Nd4+ Ke5 75. Rh5+ Kf4 76. Rf5+ Kg4 77. Rf8 Rb1 78. Ke3 Re1+ 79.
Ne2 Kg5 80. Rf2 Ra1 81. Ke4 Ra2 82. Rg2+ Kf6 83. Rf2+ Ke7 84. Rh2 Kf6 85. Kf3
Ra3+ 86. Kg4 Ra2 87. Rh6+ Kg7 88. Re6 Kf7 89. Re4 Kf6 90. Nf4 Ra6 91. Rb4 Rd6
92. Rb5 Rd1 93. Rb6+ Ke7 94. Kf5 Rf1 95. Re6+ Kd7 96. Re4 Kd6 97. Rd4+ Ke7 98.
Re4+ Kd7 99. Ke5 Ke7 100. Nd5+ Kd7 101. Ne3 Re1 102. Kd4 Rh1 103. Rg4 Ke6 104.
Rg6+ Kf7 105. Ra6 Re1 106. Nd5 Rd1+ 107. Ke5 Re1+ 108. Kf5 Rf1+ 109. Nf4 Ke7
110. Re6+ Kf7 111. Re4 Ra1 112. Rc4 Ra5+ 113. Ke4 Ra1 114. Rc7+ Kf6 115. Rc6+
Kf7 116. Ke5 Ra5+ 117. Nd5 Rb5 118. Rf6+ Kg7 119. Rd6 Rb1 120. Rd7+ Kg6 121.
Nf4+ Kh6 122. Rd8 Kh7 123. Kf6 Rf1 124. Rd4 Kh6 125. Ra4 Rf2 126. Ke5 Rf1 127.
Kf5 Kg7 128. Ra6 Rf2 129. Kg5 Rf1 130. Ra7+ Kg8 131. Rb7 Kf8 132. Kf5 Rf2 133.
Ke5 Rf1 134. Ng6+ Kg8 135. Ne7+ Kf8 136. Nf5 Ra1 137. Ke6 Ra6+ 138. Nd6 Kg8 139.
Rd7 Ra1 140. Kf6 Ra3 1/2-1/2

[Event "6th ch-Iberoamericano"]
[Site "Bilbao ESP"]
[Date "2015.11.01"]
[Round "7.9"]
[White "Astasio Lopez, David"]
[Black "Blanco Acevedo, Cristobal Jose"]
[Result "0-1"]
[WhiteTitle "FM"]
[BlackTitle "IM"]
[WhiteElo "2424"]
[BlackElo "2306"]
[WhiteFideId "2230208"]
[BlackFideId "3900525"]
[EventDate "2015.10.26"]

1. d4 Nf6 2. Nf3 e6 3. Nbd2 c5 4. e3 b6 5. Bd3 Be7 6. Qe2 Bb7 7. O-O d6 8. c3
O-O 9. dxc5 bxc5 10. e4 Nbd7 11. Re1 Rc8 12. h3 Re8 13. Bb5 Qc7 14. e5 dxe5 15.
Nxe5 Nxe5 16. Bxe8 Ng6 17. Bxf7+ Kxf7 18. Qxe6+ Kf8 19. Nc4 Bd5 20. Qe2 Re8 21.
Bg5 Nf4 22. Qe5 Qxe5 23. Nxe5 Ne6 24. Bh4 g5 25. Bg3 Nf4 26. c4 Bd6 27. Ng4 Nxg4
28. cxd5 Ne5 29. Rad1 Nfg6 30. Re4 Kf7 31. Kf1 c4 32. Rde1 a5 33. Bh2 Re7 34.
R1e2 a4 35. Rc2 Rb7 36. Ke2 Rb5 37. Rd2 Kf6 38. Kd1 Bb4 39. Rdd4 Bc5 40. Rd2 Bb4
41. Rdd4 Nd3 42. Re6+ Kf7 43. Re2 Ba5 44. d6 Nxb2+ 45. Kc2 Nd3 46. Rxc4 Nb4+ 47.
Kc1 Nd3+ 48. Kc2 Nb4+ 49. Kd1 Rd5+ 50. Rd2 Nd3 51. Rc7+ Ke6 52. Rdc2 Nb4+ 53.
Ke2 Nxc2 54. Rxc2 Nf4+ 55. Kf3 Kf5 56. g4+ Ke5 57. Bxf4+ gxf4 58. Re2+ Kf6 59.
Kxf4 Bd2+ 60. Kf3 Rd3+ 61. Kg2 a3 62. Re7 h6 63. Ra7 Ke6 64. d7 Bc1 65. Rc7 Bg5
66. Ra7 Ke7 67. Kf1 Rxh3 68. Ke2 Rc3 69. Kf1 Kd8 70. Ra4 Kxd7 71. f4 Be7 72.
Rd4+ Ke8 73. Re4 Kf7 74. f5 Rc2 75. Re2 Rb2 76. Ke1 Bf6 77. Kd1 Rxe2 78. Kxe2
Bb2 79. Kf3 Kf6 80. Kf4 Ba1 81. Kg3 Kg5 82. Kf3 Bf6 83. Kg3 Bd8 84. Kf3 Bc7 85.
Ke4 Kxg4 86. f6 Bd6 87. Kd5 Bb4 88. Kc4 Bf8 89. Kd4 0-1

[Event "6th ch-Iberoamericano"]
[Site "Bilbao ESP"]
[Date "2015.11.01"]
[Round "7.10"]
[White "Roselli Mailhe, Bernardo"]
[Black "Marchena Hurtado, Javier"]
[Result "1-0"]
[WhiteTitle "IM"]
[BlackTitle "FM"]
[WhiteElo "2411"]
[BlackElo "2294"]
[WhiteFideId "3000028"]
[BlackFideId "2271583"]
[EventDate "2015.10.26"]

1. d4 Nf6 2. c4 g6 3. Nc3 Bg7 4. Nf3 O-O 5. e4 d6 6. Be2 e5 7. d5 a5 8. Bg5 h6
9. Bh4 Na6 10. Nd2 Qe8 11. O-O Bd7 12. b3 Nh7 13. a3 h5 14. f3 Bh6 15. Qc2 Be3+
16. Kh1 f5 17. exf5 gxf5 18. Bf2 Bxf2 19. Rxf2 Kh8 20. Re1 Qg6 21. Qb2 Nf6 22.
b4 Qg5 23. Bf1 Kh7 24. c5 axb4 25. axb4 Qh4 26. Nc4 Nxb4 27. cxd6 cxd6 28. Rd1
Na6 29. Nxd6 Nc5 30. g3 Qg5 31. Re1 f4 32. Qb4 b6 33. Qxb6 fxg3 34. Rg2 Na4 35.
Nxa4 Rxa4 36. Rxg3 Qf4 37. Bd3+ Kh8 38. Reg1 Raa8 39. Qb7 Rad8 40. Qb6 Ra8 41.
Qf2 Ra3 42. Qg2 Raa8 43. Rg8+ 1-0